[Event "Cherkasy Konsalt"]
[Site "Cherkasy"]
[Date "2021.03.10"]
[Round "8"]
[White "Berdnyk, Mariia"]
[Black "Kocyigit, Buse Naz"]
[Result "1-0"]
[WhiteElo "2289"]
[BlackElo "2143"]
[PlyCount "79"]
[EventDate "2021.03.06"]
[EventType "tourn"]
[EventRounds "9"]
[EventCountry "UKR"]
[EventCategory "2"]
[SourceTitle "EXT 2022"]
[Source "ChessBase"]
[SourceDate "2021.10.06"]
[SourceVersion "1"]
[SourceVersionDate "2021.10.06"]
[SourceQuality "1"]

1. d4 Nf6 2. c4 g6 3. Nc3 Bg7 4. e4 d6 5. Be2 0-0 6. Nf3 c5 7. d5 Bg4 8. Be3 Nfd7 9. 0-0 Na6 10. Qd2 Nc7 11. a4 a6 12. h3 Bxf3 13. Bxf3 Re8 14. Be2 e6 15. Bg5 Bf6 16. Bxf6 Qxf6 17. Rad1 exd5 18. cxd5 Rab8 19. f4 Qe7 20. e5 f5 21. exf6 Nxf6 22. f5 Ne4 23. Nxe4 Qxe4 24. Bd3 Qd4+ 25. Kh1 Nxd5 26. fxg6 Ne3 27. Qf2 Re7 28. gxh7+ Kg7 29. Rde1 Kh6 30. Rxe3 Rxe3 31. Qf7 Rxd3 32. Rf6+ Qxf6 33. Qxf6+ Kxh7 34. Qf5+ Kg7 35. Qxd3 Rd8 36. Qd5 Kf6 37. g4 Ke7 38. g5 Rh8 39. Kg2 Rh4 40. g6 1-0

[Event "Cherkasy Konsalt"]
[Site "Cherkasy"]
[Date "2021.03.07"]
[Round "3"]
[White "Doluhanova, Evgeniya"]
[Black "Kocyigit, Buse Naz"]
[Result "1/2-1/2"]
[WhiteElo "2212"]
[BlackElo "2143"]
[PlyCount "88"]
[EventDate "2021.03.06"]
[EventType "tourn"]
[EventRounds "9"]
[EventCountry "UKR"]
[EventCategory "2"]
[SourceTitle "EXT 2022"]
[Source "ChessBase"]
[SourceDate "2021.10.06"]
[SourceVersion "1"]
[SourceVersionDate "2021.10.06"]
[SourceQuality "1"]

1. c4 Nf6 2. Nc3 g6 3. g3 Bg7 4. Bg2 0-0 5. Nf3 d6 6. d3 c6 7. 0-0 Re8 8. Rb1 a5 9. a3 e5 10. b4 axb4 11. axb4 d5 12. Bb2 Qe7 13. cxd5 cxd5 14. Ra1 Rxa1 15. Qxa1 d4 16. Nb5 Qxb4 17. Na3 Nc6 18. Nc4 b5 19. Ba3 Qa4 20. Nd6 Rf8 21. Ng5 b4 22. Bb2 Qxa1 23. Rxa1 Bd7 24. Ra6 Ne7 25. Nf3 Nfd5 26. Nd2 Be6 27. N2e4 Nc3 28. Nc5 Bd5 29. Bxd5 Nexd5 30. Kf1 Nd1 31. Bc1 Rb8 32. Ke1 N1c3 33. Ra7 h5 34. Nb3 Nb5 35. Nxb5 Rxb5 36. Ra8+ Kh7 37. Ra7 Kg8 38. Ra8+ Kh7 39. Ra7 Rb8 40. Rd7 Nb6 41. Rxf7 Kg8 42. Ra7 Nd5 43. Ra5 Nc3 44. Ra6 Kf7 1/2-1/2

[Event "Cherkasy Konsalt"]
[Site "Cherkasy"]
[Date "2021.03.06"]
[Round "1"]
[White "Malakhatko, Vadim"]
[Black "Kocyigit, Buse Naz"]
[Result "1-0"]
[WhiteElo "2468"]
[BlackElo "2143"]
[PlyCount "135"]
[EventDate "2021.03.06"]
[EventType "tourn"]
[EventRounds "9"]
[EventCountry "UKR"]
[EventCategory "2"]
[SourceTitle "EXT 2022"]
[Source "ChessBase"]
[SourceDate "2021.10.06"]
[SourceVersion "1"]
[SourceVersionDate "2021.10.06"]
[SourceQuality "1"]

1. d4 Nf6 2. Nf3 g6 3. Bf4 Bg7 4. e3 0-0 5. Be2 d6 6. h3 c5 7. c3 Qb6 8. Qb3 Be6 9. Qxb6 axb6 10. a3 Bd5 11. Nbd2 Bc6 12. 0-0 Nbd7 13. Bh2 b5 14. Rfd1 Nb6 15. Rac1 Rfc8 16. dxc5 dxc5 17. Ne5 Na4 18. Rc2 b4 19. Nxc6 bxc6 20. cxb4 cxb4 21. Be5 Nd5 22. Bxg7 Kxg7 23. Bf3 bxa3 24. bxa3 Nab6 25. Rb1 f5 26. Rb3 e6 27. e4 fxe4 28. Nxe4 Kf8 29. Ng5 Ra4 30. Nxe6+ Ke7 31. Ng5 c5 32. Re2+ Kf8 33. Bxd5 Nxd5 34. Rb7 c4 35. Nxh7+ Kg8 36. Rd7 c3 37. Rc2 Rxa3 38. Rxd5 Kxh7 39. Rd3 Kg7 40. g4 g5 41. Kg2 Kf6 42. Re3 Rc4 43. Kg3 Rb3 44. Rc1 Kg6 45. Rf3 Ra3 46. Rc2 Rb3 47. Kg2 Ra3 48. Kf1 Rb3 49. Ke2 Ra3 50. Rd3 Kf6 51. Rd6+ Ke5 52. Rd8 Rc7 53. Kd3 Ke6 54. Rh8 Ke5 55. Re8+ Kf6 56. Re3 Rc8 57. Ke2 Rc7 58. Kf3 Rc4 59. Kg3 Rb3 60. f3 Ra3 61. h4 gxh4+ 62. Kxh4 Kg6 63. Kg3 Rb3 64. Kf2 Kg5 65. Rd3 Rb2 66. Rxb2 cxb2 67. Rb3 Rc2+ 68. Kg3 1-0

[Event "Mykolaiv IM"]
[Site "Mykolaiv"]
[Date "2021.03.03"]
[Round "7"]
[White "Kocyigit, Buse Naz"]
[Black "Gavrish, Leonid"]
[Result "0-1"]
[WhiteElo "2143"]
[BlackElo "2085"]
[PlyCount "132"]
[EventDate "2021.02.27"]
[EventType "tourn"]
[EventRounds "9"]
[EventCountry "UKR"]
[EventCategory "1"]
[SourceTitle "EXT 2022"]
[Source "ChessBase"]
[SourceDate "2021.10.06"]
[SourceVersion "1"]
[SourceVersionDate "2021.10.06"]
[SourceQuality "1"]

1. Nf3 Nf6 2. c4 c5 3. g3 g6 4. Bg2 Bg7 5. 0-0 0-0 6. d4 cxd4 7. Nxd4 Nc6 8. Nb3 a5 9. Nc3 a4 10. Nc5 a3 11. Qc2 d6 12. N5a4 axb2 13. Bxb2 Qa5 14. Rab1 Bf5 15. e4 Be6 16. Bc1 Bxc4 17. Be3 Bxf1 18. Bxf1 Ng4 19. Bb6 Qh5 20. h3 Nge5 21. Be3 Nf3+ 22. Kg2 Nfd4 23. Qc1 b5 24. Nb6 b4 25. Nxa8 bxc3 26. Nc7 Qf3+ 27. Kh2 Qxe4 28. Bg2 Nf3+ 29. Kh1 c2 30. Rb6 Bd4 31. Rxc6 Bxe3 32. Qxc2 Qxc2 33. Rxc2 Nd4 34. Rb2 Bc1 35. Rb4 e5 36. a4 Ba3 37. Rb7 Ne6 38. a5 Nc5 39. a6 Nxb7 40. axb7 Bc5 41. Nd5 Ba7 42. h4 f5 43. Ne7+ Kf7 44. Nc6 Bb8 45. Bd5+ Kf6 46. Nb4 Ke7 47. Bc6 d5 48. Bxd5 Kd6 49. Bb3 Kc5 50. Nc2 Kc6 51. Kg2 Kxb7 52. Ne3 Kc6 53. Kf3 Kc5 54. Nc2 Kd6 55. Ke2 Ba7 56. f3 Rb8 57. Ba4 e4 58. f4 Bc5 59. Ne3 Bxe3 60. Kxe3 Kd5 61. Bd7 Rb3+ 62. Kf2 Kd4 63. Be6 Rb2+ 64. Kf1 Ke3 65. Bg8 Kf3 66. Ke1 e3 0-1

[Event "Mykolaiv IM"]
[Site "Mykolaiv"]
[Date "2021.02.28"]
[Round "3"]
[White "Kocyigit, Buse Naz"]
[Black "Boricsev, Oleg"]
[Result "1/2-1/2"]
[WhiteElo "2143"]
[BlackElo "2234"]
[PlyCount "37"]
[EventDate "2021.02.27"]
[EventType "tourn"]
[EventRounds "9"]
[EventCountry "UKR"]
[EventCategory "1"]
[SourceTitle "EXT 2022"]
[Source "ChessBase"]
[SourceDate "2021.10.06"]
[SourceVersion "1"]
[SourceVersionDate "2021.10.06"]
[SourceQuality "1"]

1. Nf3 d5 2. d4 e6 3. c4 Nf6 4. Nc3 Be7 5. Bg5 0-0 6. e3 b6 7. Bd3 Bb7 8. 0-0 Nbd7 9. Qe2 h6 10. Bh4 Ne4 11. Bg3 Nxg3 12. hxg3 Nf6 13. e4 dxe4 14. Nxe4 c5 15. dxc5 bxc5 16. Rad1 Qc7 17. Rd2 Rfd8 18. Rfd1 Nxe4 19. Bxe4 1/2-1/2